| 000 | 00894nam a2200277 a 4500 | ||
|---|---|---|---|
| 001 | 72933 | ||
| 003 | BD-RjUL | ||
| 005 | 20211209082327.0 | ||
| 008 | 170525r19601957nyua b 001 0 eng d | ||
| 035 | _a(BD-RjUL)73151 | ||
| 040 |
_aDLC _cOSW _dBD-RjUL _beng |
||
| 041 | _aeng | ||
| 082 |
_223 _a581.76 _bFAM 1960 |
||
| 100 | 1 |
_aFassett, Norman C. _q(Norman Carter), _d1900-1954. _9215728 |
|
| 245 | 1 | 2 |
_aA manual of aquatic plants / _cby Norman C. Fassett ; With revision appendix by Eugene C. Ogden. |
| 250 | _a2nd ed. | ||
| 260 |
_aMadison : _bWisconsin Press,, _c1960. |
||
| 300 |
_aix, 405 p. : _bill. ; _c24 cm. |
||
| 504 | _aIncludes bibliographies and indexes. | ||
| 650 | 0 |
_aAquatic plants. _9215729 |
|
| 650 | 0 |
_aFreshwater plants _zUnited States. _9215730 |
|
| 650 | 0 |
_aMaritime Provinces _9215731 |
|
| 700 |
_aOgden, Eugene C. _9215732 |
||
| 942 |
_2ddc _cBK |
||
| 999 |
_c72933 _d72933 |
||